书目信息 |
| 题名: |
利润的秘密
|
|
| 作者: | 坂口孝则 著 ;苏小楠 , 胡艳涛 译 | |
| 分册: | ||
| 出版信息: | 海口 南方出版社 2012 |
|
| 页数: | 185页 | |
| 开本: | 23cm | |
| 丛书名: | ||
| 单 册: | ||
| 中图分类: | F275.4 | |
| 科图分类: | ||
| 主题词: | 企业利润--研究 , 企业利润 | |
| 电子资源: | ||
| ISBN: | 978-7-5501-0755-7 | |
| 000 | 01107nam0 22002771 450 | |
| 001 | 523 | |
| 005 | 20140909092609.56 | |
| 010 | @a978-7-5501-0755-7@dCNY29.00 | |
| 100 | @a20120614d2012 em y0chiy50 ea | |
| 101 | 1 | @achi@cjpn |
| 102 | @aCN@b460000 | |
| 105 | @aa z 000yy | |
| 106 | @ar | |
| 200 | 1 | @a利润的秘密@ALi Run De Bi Mi@dSecrets for making profit@f(日)坂口孝则著@g苏小楠,胡艳涛译@zeng |
| 210 | @a海口@c南方出版社@d2012 | |
| 215 | @a185页@c图@d23cm | |
| 330 | @a本书作者从自己的实践经验中出发,结合企业经营实例和数据分析,对利润的秘密进行了揭示。全书共分六章,包括“为什么索尼公司销售额巨大,而同时又陷入赤字泥潭呢?”、“为什么松下公司所需的半导体数量只是1万个,却要买100万个呢?”、“为什么优衣库的利润率和利润额都是最低水平的,却能实现总利润最大化呢?”等。 | |
| 510 | 1 | @aSecrets for making profit@zeng |
| 606 | 0 | @a企业利润@x研究 |
| 606 | 0 | @a企业利润 |
| 690 | @aF275.4@v5 | |
| 701 | 0 | @c(日)@a坂口孝则@ABan Kou Xiao Ze@4著 |
| 702 | 0 | @a苏小楠@ASu Xiao Nan@4译 |
| 702 | 0 | @a胡艳涛@AHu Yan Tao@4译 |
| 801 | 0 | @aCN@bTANGWEI@c20140603 |
| 905 | @b0836604-06@dF275.4@e1106@f3 | |
| 利润的秘密=Secrets for making profit/(日)坂口孝则著/苏小楠,胡艳涛译.-海口:南方出版社,2012 |
| 185页:图;23cm |
| ISBN 978-7-5501-0755-7:CNY29.00 |
| 本书作者从自己的实践经验中出发,结合企业经营实例和数据分析,对利润的秘密进行了揭示。全书共分六章,包括“为什么索尼公司销售额巨大,而同时又陷入赤字泥潭呢?”、“为什么松下公司所需的半导体数量只是1万个,却要买100万个呢?”、“为什么优衣库的利润率和利润额都是最低水平的,却能实现总利润最大化呢?”等。 |
| ● |
| 相关链接 |
|
|
|
|
正题名:利润的秘密
索取号:F275.4/1106
 
预约/预借
| 序号 | 登录号 | 条形码 | 馆藏地/架位号 | 状态 | 备注 |
| 1 | 0836604 | 208366043 | 第一样本阅览室/ [索取号:F275.4/1106] | 在馆 | |
| 2 | 0836605 | 208366052 | 第一借阅区/ [索取号:F275.4/1106] | 在馆 | |
| 3 | 0836606 | 208366061 | 密集书库-海洋学院/ [索取号:F275.4/1106] | 在馆 |